Carte du territoire de Rome et des états soumis a sa domination : ou placés dans son alliance au moment de l'expulsion de Tarquin Le Superbe : 510 ans avant J.C. l'an 244 de la fondation de Rome /
Colección de mapas de la Roma histórica en tiempos del último rey romano y el inicio de la República. Incluye cartas de campañas y batallas de la epoca y láminas de levantamientos topográficos y de obras de ingeniería romana.
Wedi'i Gadw mewn:
| Prif Awdur: | |
|---|---|
| Fformat: | Llyfr |
| Iaith: | Ffrangeg |
| Pynciau: | |
| Tagiau: |
Dim Tagiau, Byddwch y cyntaf i dagio'r cofnod hwn!
|
MARC
| LEADER | 00000nam^a2200000^a^4500 | ||
|---|---|---|---|
| 001 | 000384578 | ||
| 005 | 20250526000000.0 | ||
| 009 | 20260310120908.186 | ||
| 037 | |a Acervo Xavier Clavigero | ||
| 041 | |a FRA | ||
| 082 | |a 911. 45 |b ROS | ||
| 100 | |a Rosa, Pietro |e (comp.) | ||
| 245 | 1 | 0 | |a Carte du territoire de Rome et des états soumis a sa domination : |b ou placés dans son alliance au moment de l'expulsion de Tarquin Le Superbe : 510 ans avant J.C. l'an 244 de la fondation de Rome / |c Comp. de P. Rosa. |
| 264 | |a París, Francia : |b Henri Plon, |c fecha no identificada | ||
| 300 | |a 1 v. (sin paginación) ; |c 36.5 cm. | ||
| 336 | |a texto |b txt |2 rdacontenido | ||
| 337 | |a sin mediación |b n |2 rdamedio | ||
| 338 | |a volumen |b nc |2 rdasoporte | ||
| 520 | |a Colección de mapas de la Roma histórica en tiempos del último rey romano y el inicio de la República. Incluye cartas de campañas y batallas de la epoca y láminas de levantamientos topográficos y de obras de ingeniería romana. | ||
| 561 | |a Ex libris de Bibl. Junioratus San Cayetano | ||
| 649 | |a XX | ||
| 650 | |a Cartografía - |z Roma | ||
| 650 | |a Cartografía - |z Italia | ||
| 650 | |a Geografía Histórica - |z Roma | ||
| 650 | |a Geografía Histórica - |z Italia | ||
| 650 | |a Geografía - |z Roma - |x Tema Principal | ||
| 650 | |a Geografía - |z Italia | ||
| 650 | |a Roma - |x Historia - |y República, 509-31 a.C | ||
| 650 | |a Roma - |x Historia - |y Guerras de Unidad, 509-264 a.C - |x Tema Principal | ||
| 650 | |a Roma - |x Historia - |x Mapas | ||
| 650 | |a Italia - |x Historia - |x Mapas | ||
| 650 | |a Italia - |x Mapas | ||
| 650 | |a Europa - |x Mapas | ||
| 910 | |a Fondo General | ||
| 920 | |a Impresos - Libros | ||
| 930 | |a Libros Antiguos y Raros | ||
| 905 | |a 108 | ||
| 901 | |a 0500278770 |b IT2 |c LRA |u 20250526 | ||
| 902 | |a https://opac.biblio.iteso.mx/vufind/Record/000384578 | ||